Princesses by Picture - Statistics

General Stats
  • This quiz has been taken 18,393 times
  • The average score is 11 of 16
Answer Stats
Picture Answer % Correct
Ariel
96%
Diana
96%
Elsa
90%
Fiona
89%
Jasmine
87%
Leia
84%
Peach
84%
Belle
75%
Kate
75%
Tiana
61%
Anne
55%
Zelda
47%
Grace
43%
Buttercup
31%
Mononoke
29%
Mia
28%
No matching quizzes found
Score Distribution
Percent of People with Each Score
Percentile by Number Answered
Your Score History
You have not taken this quiz